Statystyki dla Rozpoznaj drogę ekspresową/autostradę po opisie

Kliknij tutaj aby rozwiązać quiz!

Ogólne statystyki

  • Ten quiz został rozwiązany 126 razy
  • Średni wynik to 19 z 24

Statystyki odpowiedzi

Opis drogiNuumer drogi% Poprawnych
Droga ekspresowa łącząca autostradę A1 (w przyszłości zostanie przedłużona aż do Ostródy), z granicą polsko-czeską przez Bydgoszcz, Poznań i Wrocław5
92%
Droga ekspresowa biegnąca wzdłuż wybrzeża, łącząca Trójmiasto ze Szczecinem, na obwodnicy Szczecina ma parametry autostrady6
89%
Droga ekspresowa łącząca Podhale, Kraków i Warszawę z Trójmiastem7
89%
Autostrada łącząca A4 w pobliżu Bolesławca, z granicą z Niemcami w pobliżu Żar18
88%
Najważniejsza polska droga o przebiegu równoleżnikowym. Łączy granicę z Niemcami z granicą z Białorusią, ma parametry autostrady, nie licząc Południowej Obwodnicy Warszawy, gdzie jest drogą klasy S2
88%
Autostrada biegnąca wzdłuż południowej granicy kraju, łączy granice z Ukrainą i Niemcami, przez Rzeszów, Kraków, Górny Śląsk i Wrocław4
88%
Najdłuższa droga krajowa w Polsce, biegnie od granicy z Litwą do granicy z Czechami przez Białystok, Warszawę, Łódź i Wrocław, przez większość czasu ma klasę S, na obwodnicy Wrocławia jest autostradą8
88%
Droga ekspresowa, która początkowo miała być autostradą, biegnie wzdłuż zachodniej granicy kraju3
85%
Droga o przebiegu południkowym, łączy Trójmiasto z Górnym Śląskiem, docelowo będzie w całości autostradą, z wyłączeniem odcinka ekspresowego Pyrzowice- Granica państwa, który będzie odbiegał od głównego przebiegu drogi na odcinku Pyrzowice- Granica państwa1
84%
Droga ta będzie stanowić Tranzytową Obwodnicę Warszawy, będzie przebiegała w pobliżu planowanego Centralnego Portu Komunikacyjnego. Objedzie Warszawą w formie ringu (okręgu). Jej północna część będzie autostradą, a południowa- drogą ekspresową50
82%
Droga ta łączy Szczecin z Warszawą przez Piłę, Bydgoszcz i Toruń, docelowo będzie drogą ekspresową10
81%
Droga ekspresowa łącząca Kołobrzeg z Górnym Śląskiem przez Piłę i Poznań11
78%
Droga ekspresowa łącząca Piotrków Trybunalski, Radom i Lublin z granicą polsko-ukraińską12
78%
Ta droga ekspresowa połączy Warszawę, Lublin i granicę z Ukrainą17
78%
Droga ekspresowa stanowiąca fragment europejskiego szlaku Via Carpatia, połączy granice ze Słowacją i Białorusią przez Rzeszów, Lublin i Białystok19
77%
Droga przebiegająca całkowicie na terenie Warszawy, łączy węzły Warszawa Lotnisko i Warszawa Marynarska79
76%
Ta droga ekspresowa połączy drogi S12 i S19 przez Kielce74
74%
Droga ekspresowa, która będzie stanowiła Zachodnią Obwodnicę Łodzi14
73%
Krótka ekspresówka o długości zaledwie 6,8 km, biegnąca między Sosnowcem i Katowicami86
69%
Droga ekspresowa biegnąca od granicy w Cieszynie do Bielska-Białej52
68%
Ta droga ekspresowa połączy Elbląg z Obwodem kaliningradzkim22
66%
Droga ekspresowa łącząca Olsztyn i Ełk z S1916
65%
Jest to krótka ekspresówka między Olsztynem i Olsztynkiem51
62%
Jest to droga ekspresowa biegnąca od granicy z Litwą do Ostrowi Mazowieckiej61
59%

Rozkład punktacji

Percentyl według liczby udzielonych odpowiedzi

Procent ludzi z każdym wynikiem

Twoja historia wyników

Nie rozwiązałeś tego quizu